| 000 | 00747nam a22002057a 4500 | ||
|---|---|---|---|
| 005 | 20250613160710.0 | ||
| 010 | _aENG-145345 | ||
| 020 |
_c200.00 _a9789386501448 |
||
| 035 | _aEN-128877 | ||
| 037 | _bDBAD/PUB | ||
| 082 |
_a338.1095431 _21 |
||
| 100 |
_aKalaiselvi, V.K. _982026 |
||
| 245 |
_aEconomics of Crop Diversificationin Villpuram District, Tamil Nadu/ _cV.K. Kalaiselvi [and] T.S. Kalyani |
||
| 250 | _a1 | ||
| 260 |
_bArchers & Elevators Publishing House _aBangalore _c2018 |
||
| 270 |
_a131 AGB Lay Out, 6"Cross, Hesaraghatta,Main Road _bBangalore _e560090 _k9164362263 _marcherselevators@gamail.com |
||
| 300 |
_a124p. _c23cm(pbk) |
||
| 700 |
_aKalyani, T.S. _eAuthor _982027 |
||
| 942 |
_2ddc _cEN _h338.1095431 _mKAL |
||
| 999 |
_c211803 _d211803 |
||